| 000 | 00324 a2200133 4500 | ||
|---|---|---|---|
| 999 |
_c324923 _d324923 |
||
| 001 | 89850 | ||
| 003 | NUST | ||
| 082 | _a615.321 KHA | ||
| 100 |
_aKhalid Ghaznavi _99278 |
||
| 245 |
_aElaj-e-nabwi aur Jadid Science (3) _h(3) |
||
| 260 |
_aLahore _bAl-Faisal _c2012 |
||
| 300 | _a386p. | ||
| 500 | _aGeneral Books | ||
| 942 |
_aCAENUST _k615.321 KHA _cBK _2ddc |
||